Loading...
| Current Events/Geography | 1 | 0.00 | 0% | 0% | 0% |
| Fine Arts - Classical Music | 4 | 10.00 | 100% | 0% | 0% |
| Fine Arts - Visual Fine Arts | 3 | 13.33 | 67% | 67% | 0% |
| Geography/Current Events | 3 | 13.33 | 100% | 33% | 0% |
| History - American History | 7 | 17.14 | 100% | 71% | 0% |
| History - European History | 3 | 13.33 | 100% | 33% | 0% |
| History - Other History | 4 | 15.00 | 100% | 50% | 0% |
| History - World History | 4 | 7.50 | 75% | 0% | 0% |
| Literature - American Literature | 3 | 16.67 | 100% | 67% | 0% |
| Literature - British Literature | 5 | 8.00 | 80% | 0% | 0% |
| Literature - European Literature | 2 | 15.00 | 100% | 50% | 0% |
| Literature - World/Other Literature | 4 | 10.00 | 100% | 0% | 0% |
| Mythology | 3 | 10.00 | 100% | 0% | 0% |
| Philosophy | 2 | 10.00 | 100% | 0% | 0% |
| Religion | 1 | 10.00 | 100% | 0% | 0% |
| Science - Biology | 1 | 10.00 | 100% | 0% | 0% |
| Science - Chemistry | 6 | 11.67 | 100% | 17% | 0% |
| Science - Other Science | 6 | 15.00 | 67% | 67% | 17% |
| Science - Physics | 5 | 10.00 | 100% | 0% | 0% |
| Social Science | 3 | 10.00 | 100% | 0% | 0% |
| World/Other Literature> | 1 | 10.00 | 0% | 100% | 0% |